MARC details
| 000 -CABECERA |
| campo de control de longitud fija |
03269nam a2200349 4500 |
| 003 - IDENTIFICADOR DEL NÚMERO DE CONTROL |
| campo de control |
EC-UNACH |
| 005 - FECHA Y HORA DE LA ÚLTIMA TRANSACCIÓN |
| campo de control |
20260402095812.0 |
| 006 - CÓDIGOS DE INFORMACIÓN DE LONGITUD FIJA--CARACTERÍSTICAS DEL MATERIAL ADICIONAL |
| campo de control de longitud fija |
s||||gr|||| 00| 00 |
| 008 - DATOS DE LONGITUD FIJA--INFORMACIÓN GENERAL |
| campo de control de longitud fija |
150116t9999 mx r gr 000 0 spa d |
| 020 ## - NÚMERO INTERNACIONAL ESTÁNDAR DEL LIBRO |
| Número Internacional Estándar del Libro |
978-9942-584-05-2 |
| 040 ## - FUENTE DE LA CATALOGACIÓN |
| Centro catalogador/agencia de origen |
EC-UNACH |
| Centro/agencia transcriptor |
EC-UNACH |
| 041 ## - CÓDIGO DE LENGUA |
| Código de lengua del texto/banda sonora o título independiente |
spa |
| 082 04 - NÚMERO DE LA CLASIFICACIÓN DECIMAL DEWEY |
| Número de edición |
23 |
| Número de clasificación |
351 |
| Número de documento/Ítem |
L018620 |
| 100 ## - ENTRADA PRINCIPAL--NOMBRE DE PERSONA |
| Nombre de persona |
Alvarado Vélez, Julio Adrián |
| 245 ## - MENCIÓN DE TÍTULO |
| Título |
Servicios públicos en Ecuador: Regulación y prestación en el sector eléctrico |
| 250 ## - MENCIÓN DE EDICIÓN |
| Mención de edición |
Primera edición |
| 264 ## - Producción, publicación, distribución, fabricación y copyright |
| Lugar de producción, publicación, distribución, fabricación |
Riobamba - Ecuador |
| Nombre del de productor, editor, distribuidor, fabricante |
Universidad Nacional de Chimborazo |
| Fecha de de producción, publicación, distribución, fabricación o copyright |
2025 |
| 264 ## - Producción, publicación, distribución, fabricación y copyright |
| Lugar de producción, publicación, distribución, fabricación |
Producción UNACH |
| 300 ## - DESCRIPCIÓN FÍSICA |
| Extensión |
186 páginas |
| Otras características físicas |
figuras, tablas |
| 501 ## - NOTA DE "CON" |
| Nota de “Con” |
Los servicios públicos, entendidos como aquellas actividades y prestaciones que el Estado proporciona a los ciudadanos en aras del bienestar común, constituyen una de las manifestaciones más tangibles y directas del ejercicio del poder estatal. En este sentido, esta obra se enfoca en el abordaje del servicio público del sector eléctrico del Ecuador. Entre los principales hallazgos, se evidencia que el servicio público de energía eléctrica es fundamental para el desarrollo socioeconómico del país, al impulsar todos los sectores de la economía, lo que optimiza la producción y la competitividad económica, así como contribuye significativamente a mejorar la calidad de vida de los ciudadanos. Asimismo, se observa la importancia de la transparencia y la coherencia en la regulación del sector, al destacar cómo la alineación entre las directrices políticas<br/><br/>y la regulación técnica puede mejorar la implementación de políticas energéticas, promover inversiones adecuadas y fomentar la estabilidad del suministro eléctrico. Además, el impacto de los<br/><br/>subsidios y compensaciones otorgados por el Estado a sectores vulnerables y productivos enfatiza la necesidad de que estos sean sostenibles desde el punto de vista fiscal y lleguen a quienes más los necesitan. Finalmente, se evidencia que las sanciones por infracciones graves cometidas por empresas, consumidores y terceros para desalentar conductas que pongan en riesgo la seguridad y confiabilidad del sistema eléctrico, sirven como instrumentos que refuerzan el cumplimiento normativo y protegen la infraestructura crítica del sector, al asegurar un suministro de energía confiable y seguro para el desarrollo sostenible del país |
| 505 ## - NOTA DE CONTENIDO CON FORMATO |
| Nota de contenido con formato |
Capítulo 1: Introducción a los servicios públicos -- Capítulo 2: Marco legal y regulatorio del sector eléctrico del Ecuador -- Prestación del servicio público de energía eléctrica en Ecuador -- Capítulo 4: Régimen económico, tarifario y sancionatorio del sector eléctrico del Ecuador -- Capítulo 5: Discusión y conclusiones. |
| 650 ## - PUNTO DE ACCESO ADICIONAL DE MATERIA--TÉRMINO DE MATERIA |
| Término de materia o nombre geográfico como elemento inicial |
SERVICIO DE UTILIDAD PÚBLICA |
| 650 ## - PUNTO DE ACCESO ADICIONAL DE MATERIA--TÉRMINO DE MATERIA |
| Término de materia o nombre geográfico como elemento inicial |
ENERGÍA ELÉCTRICA |
| 650 ## - PUNTO DE ACCESO ADICIONAL DE MATERIA--TÉRMINO DE MATERIA |
| Término de materia o nombre geográfico como elemento inicial |
ADMINISTRACIÓN PÚBLICA |
| 650 ## - PUNTO DE ACCESO ADICIONAL DE MATERIA--TÉRMINO DE MATERIA |
| Término de materia o nombre geográfico como elemento inicial |
SECTOR PÚBLICO |
| 650 ## - PUNTO DE ACCESO ADICIONAL DE MATERIA--TÉRMINO DE MATERIA |
| Término de materia o nombre geográfico como elemento inicial |
OBRAS PÚBLICA |
| 856 ## - LOCALIZACIÓN Y ACCESO ELECTRÓNICOS |
| Identificador Uniforme del Recurso |
<a href="https://editorial.unach.edu.ec/index.php/Editorial/catalog/book/282">https://editorial.unach.edu.ec/index.php/Editorial/catalog/book/282</a> |
| Texto de enlace |
Libro Digital - Servicios públicos en Ecuador: Regulación y prestación en el sector eléctrico |
| 942 ## - ELEMENTOS DE PUNTO DE ACCESO ADICIONAL (KOHA) |
| Fuente del sistema de clasificación o colocación |
Clasificación Decimal Dewey |
| Tipo de ítem Koha |
Libro electrónico |
| 999 ## - NÚMEROS DE CONTROL DE SISTEMA (KOHA) |
| Koha biblionumber |
14482 |